Kế toán tài chính quản trị giá thành : Áp dụng cho các doanh nghiệp trong nước và các doanh nghiệp có vốn đầu tư nước ngoài /
Đã lưu trong:
| Tác giả chính: | |
|---|---|
| Định dạng: | Sách giấy |
| Ngôn ngữ: | Vietnamese |
| Được phát hành: |
H. :
Thống kê ,
1995.
|
| Các nhãn: |
Thêm thẻ
Không có thẻ, Là người đầu tiên thẻ bản ghi này!
|
| Thư viện lưu trữ: | Thư viện Trường Đại học Đà Lạt |
|---|
| LEADER | 00677nam a2200241 4500 | ||
|---|---|---|---|
| 001 | DLU020014353 | ||
| 005 | ##20000627 | ||
| 020 | # | # | |a 978- |
| 041 | # | # | |a vie |
| 082 | # | # | |a 658.15 |b TR-N |
| 100 | # | # | |a Trần Hoài Nam. |
| 245 | # | # | |a Kế toán tài chính quản trị giá thành : |b Áp dụng cho các doanh nghiệp trong nước và các doanh nghiệp có vốn đầu tư nước ngoài / |c Trần Hoài Nam |
| 260 | # | # | |a H. : |b Thống kê , |c 1995. |
| 300 | # | # | |a 565 tr.; |c 26 cm. |
| 992 | # | # | |a 81000 |
| 994 | # | # | |a DLU |
| 900 | # | # | |a True |
| 911 | # | # | |a Administrator |
| 925 | # | # | |a G |
| 926 | # | # | |a A |
| 927 | # | # | |a SH |
| 980 | # | # | |a Thư viện Trường Đại học Đà Lạt |